00297nam a22000977a 4500008004100000020001800041245003300059260005200092300002100144650003400165211123b |||||||| |||| 00| 0 eng d a9789993628897 aNational Accounts Statistics aThimphu : bNational Statistics Bureau, c2021. ax, 62 p.c22 cm. aNational Accounts Statistics